Những cô gái Mỹ Mạng xã hội và cuộc sống thầm kín của tuổi dậy thì

Tallennettuna:
Bibliografiset tiedot
Päätekijä: Sales, Nancy Jo
Muut tekijät: Phạm, Diệp Linh (Dịch)
Aineistotyyppi: Kirja
Julkaistu: Hà Nội Lao động 2017
Aiheet:
Tagit: Lisää tagi
Ei tageja, Lisää ensimmäinen tagi!
Thư viện lưu trữ: Trung tâm Học liệu Lê Vũ Hùng, Trường Đại học Đồng Tháp
LEADER 00858pam a22002538a 4500
001 00042973
005 20181031081034.0
008 161121s2013 ||||||Viesd
020 # # |c 129000  |a 978 604 59 8103 0 
041 0 # |a Vie 
082 1 4 |a 004.67  |b NH556C 
100 1 # |a Sales, Nancy Jo 
245 0 0 |b Mạng xã hội và cuộc sống thầm kín của tuổi dậy thì  |a Những cô gái Mỹ  |c Nancy Jo Sales; Phạm Diệp Linh (dịch) 
260 # # |a Hà Nội  |b Lao động  |c 2017 
300 # # |a 509 tr.  |c 21 cm 
653 # # |a Cuộc sống 
653 # # |a Tin học 
653 # # |a Mỹ 
653 # # |a Internet 
653 # # |a Mạng xã hội 
700 1 # |e Dịch  |a Phạm, Diệp Linh 
852 # # |j KD.0024823 
910 0 # |d 31/10/2018 
980 # # |a Trung tâm Học liệu Lê Vũ Hùng, Trường Đại học Đồng Tháp